| 000 | 00367nam a2200121Ia 4500 | ||
|---|---|---|---|
| 008 | 250110s9999 xx 000 0 und d | ||
| 041 | _aeng | ||
| 100 |
_aGokhale Shruti _9182658 |
||
| 245 | _aAnalysis Of Alternatives For Bioclimatic Low Cost Housing Design | ||
| 260 |
_bM.Arch Environmental, Pune _c2014 |
||
| 300 | _a94p | ||
| 700 |
_aGuide Name:karve sujata _9210333 |
||
| 999 |
_c363525 _d363525 |
||